000 02147cam a2200433 a 4500
001 16959065
003 USPCAS-E
005 20180118181412.0
008 110913r20092011gaua 001 0 eng d
010 _a 2011288980
020 _a9780972967341
020 _z09729967341
035 _a(OCoLC)ocn320836647
040 _aFM0
_beng
_cFM0
_dJAG
_dBTCTA
_dJED
_dB@L
_dYDXCP
_dPMIPA
_dSINLB
_dDLC
042 _alccopycat
050 0 0 _aHD69.P75
_bC76 2009
082 0 4 _a658.404
_222
_bCRO-P 2003
100 1 _aCrowe, Andy.
245 1 4 _aThe PMPĀ® exam :
_bhow to pass on your first try /
_cAndy Crowe.
246 3 _aProject management professional exam
250 _a4th ed.
260 _a[Kennesaw, Ga.] :
_bVelociteach,
_cc2009
_g(2011 printing).
300 _axvi, 536 p. :
_bill. ;
_c28 cm. +
_e1 card (5 x 9 cm.).
500 _aCard attached to inside back cover provides access to online learning resources from publisher.
500 _aIncludes index.
502 _a0
505 0 _aThe exam -- Foundational concepts -- Process framework -- Integration management -- Scope management -- Time management -- Cost management -- Quality management -- Human resource management -- Communications management -- Risk management -- Procurement management -- Professional responsibility -- How to pass the PMP -- Final exam -- Glossary of terms.
650 0 _aProject management
_xExaminations
_vStudy guides.
650 0 _aProject management
_xStudy and teaching.
650 0 _aProject management
_xCertification
_vExaminations, questions, etc.
650 7 _aProject Management (PM)
_xExaminations
_vStudy guides.
_2pmcsg
650 7 _aProject Management (PM)
_xStudy and teaching.
_2pmcsg
650 7 _aProject Management
_xCertification
_vExaminations, questions, etc.
_2pmcsg
856 4 2 _3Contributor biographical information
_uhttp://www.loc.gov/catdir/enhancements/fy1202/2011288980-b.html
856 4 2 _3Publisher description
_uhttp://www.loc.gov/catdir/enhancements/fy1202/2011288980-d.html
906 _a7
_bcbc
_ccopycat
_d2
_encip
_f20
_gy-gencatlg
942 _2ddc
_cBK
999 _c355749
_d355749